MDQL
is popping MORE tags! Check the
thread
!
Quizzes
Events
Quiz Creation
Community
Videos
Private Events
Remove Ads
Sign In
Join for FREE
Feedback
Dark Mode
Quiz Categories
Sports
Geography
Music
Movies
Television
Just For Fun
Miscellaneous
History
Literature
Language
Science
Gaming
Entertainment
Religion
Holiday
For Kids
Quiz Lab
Recent
Popular Today
Quiz Kudos Today
Editor Picks
Curator Picks
Quizzes by...
Day
Popularity
Type
Ratings
Length
Year
Community
Subscriptions
Recent Discussions
Orange Saloon
Badges
Playlists
Quests
Create
Leaderboards
Showdown
Live 5
Trivia Bingo
Activity
Puzzle Library
Sporcle Events
Private Events
Virtual Trivia
Globe League
Become a Host
Pub Owners
SporcleCon
Opinionation
Our Games
Videos
Blog
Mobile Apps
Partnerships
Remove Ads and Go Orange
Feedback
Television
TV Characters
TV Show
Sitcom
Network
Friends
Reality Shows
Cast
South Park
Star Trek
The Simpsons
Doctor Who
Television
TV Characters
TV Show
Sitcom
Network
Friends
Reality Shows
Cast
South Park
Star Trek
The Simpsons
Doctor Who
Random Quiz
Search Sporcle
×
Quiz Lab
Quiz Lab
Television
TV Show
Select answers by clicking on text or image buttons
Select answers by clicking on text or image buttons
Clickable
Best Score? Go Orange.
Follow That Line: Modern Family IX Stats
Can you pick the following lines of these quotes from Modern Family?
By
lyndrix
5m
20 Questions
928 Plays
928 Plays
928 Plays
Comments
Comments
Give Quiz Kudos
Give Quiz Kudos
-
- Ratings
hide this ad
Forced Order
Answers have to be entered in order
Answers have to be entered in order
Replay
Link that replays current quiz
Next Quiz
Link to next quiz in quiz playlist
You Got
0%
They Got
Avg Score
76%
Avg Friend Score
Upgrade to see
Score Distribution
Jump to the score distribution portion of the page
Score
0/20
Timer
05:00
0
Plays Today
% Correct
and gossip belongs to everyone.
91.6%
You ARE my other family from the bad side of town
88.1%
You buy a Golden Globe
87.7%
that Haley has a nurse's uniform in her closet?
84.6%
not only will she have confessed to the crime, I might even sell her a closet
83.7%
I think my artistry was what locked her down.
82.7%
Like smoke, or paraphernalia, or nachos?
82.3%
but I'm Latin so I get to feel whatever i want
82.1%
will be like having company.
81.7%
Guys who take ceramics
81.4%
% Correct
I don't need a reason to watch a bunch of guys run around in shorts.
78.8%
and I'm like 'Hello! You're 50.'
75.2%
We will. I'm not writing my first novel by blowing through a tube.
72.3%
But a natural one, not the kind your husband has to find in your jewelry drawer
70.6%
we mean well
70.2%
but why can’t you feel?
69.2%
but I like to travel first
67.1%
and not the kind you hide from your wife
67%
I’m gonna have nightmares
60.8%
It just got real didn't it?
43.8%
Quiz Playlist
Details
Report
Send in Message
Add To Playlist
Clickable:
Select answers by clicking on text or image buttons
Forced Order:
Answers have to be entered in order
Last Updated: Jul 26, 2019
Quiz Scoreboard
CHALLENGE
Sign Up to Join the Scoreboard
Show All
Scores
Hide
Comments
May contain spoilers
Recently Published
1-10 Letter E Words III
by El_Dandy
Language
2m
Street Fighter Characters
by Artimus82
Gaming
60s
College Basketball Coaching Resumes
by pancakes188
Sports
9m
More to Explore
Quiz From the Vault
Featured Blog Post
Where Did the Easter Bunny Come From?
hide this ad
You Might Also Like...
Tags
TV Show Quiz
Fox Television
Modern Family
Movie Television
Rider Television
Sci-fi Television
Televised
Televised Movie
Television Stars
Today's Top Quizzes in Television
Browse Television
hide this ad
Today's Top Quizzes in TV Show
Browse TV Show
Top Contributed Quizzes in Television
1
5-to-1: The Simpsons Families
2
Adjectives in 80s TV Shows
3
Adjectives in 00s TV Shows
4
Survivor Journey Challenge
5
5-to-1: Television Doctors
6
7-to-1: TV Show Settings
7
Adjectives in 10s TV Shows
8
5-to-1: Streaming Originals
9
Survivor Seasons
10
Adjectives in 70s TV Shows
Explore More
Trending Topics
Anime
Crossword
Marvel
Disney
Harry Potter
Kpop
NBA
Soccer
Country
Puzzle
NFL
Pokémon
Song
The Office
WWE
hide this ad
More By:
lyndrix
Quiz
Plays
Rating
Category
Featured
Created
50 Flicks to Click (2013)
63,946
4.43
Movies
Jul 2, 2015
50 Flicks to Click (2012)
57,590
3.72
Movies
Jul 3, 2015
Follow That Line: Harry Potter I
3,970
4.55
Literature
Nov 25, 2015
Follow that line: Friends Season 2
3,839
3.78
Television
Jul 1, 2015
Follow that line: Friends Season 8
3,432
3.22
Television
Jul 2, 2015
Go to Creator's Profile
Score Distribution
Quiz Creator Spotlight
lyndrix
Follow
Send a Message
Quizzes Created
-
Created Quiz Play Count
-
More By This Creator
Popular Quizzes Today
1
Find the US States - No Outlines Minefield
2
Find the Countries of Europe - No Outlines Minefield
3
The Countries of the World
4
Find the US States
5
Risky Map Clicking: Biggest States A-Z
6
US States
7
Popular People in 1961
8
Movies - When Are They Set?
More Television Quizzes
Acrostic Supernatural
Quiz Lab
Trending Quizzes
Risky Map Clicking: Least Populous States A-Z
Billboard Blitz: Aretha Franklin
Famous Russians: Author or Composer?
1-10 Letter G Words
Countries of the World: 200 Million BC
Recently Updated
Leaping Animals
pecheneg
Reality TV Shows (A-Z)
bhenderson79
Rickey Henderson's Hall of Fame Teammates
pecheneg
Champions League XIs: Arsenal
pecheneg
Quick Pick: Celebrities in WWE's Hall of Fame
aduchscher
A-Z Keypad Blitz II
pecheneg
Multiple Oscar Actors
pecheneg
Mystery Phrase Blitz: Oscar 'Best Actors'
pecheneg
F. Scott Fitzgerald Novels
LTH
Pick 3 Villains
ddd62291
Trending Topics
Marvel
Crossword
Harry Potter
Kpop
NBA
Anime
Disney
Country
WWE
Puzzle
The Office
NFL
Song
Pokémon
Soccer
Your Account Isn't Verified!
In order to create a playlist on Sporcle, you need to verify the email address you used during registration. Go to your
Sporcle Settings
to finish the process.
Report this User
Report this user for behavior that violates our
Community Guidelines
.
Details:
Send Report
Go to the Sporcle.com Mobile Site →
Comments